00337nam a2200133Ia 450000500170000000800410001705000210005824500600007926000220013930000210016144000060018252100070018852600080019520140426102250.0140130s9999 xx 000 0 und d aPZ 7b.L366 1988 cLauber,PatriciaaThe story of Amelia Earhart: Lost Star bScholastic,c1988 a106 p. :c21 cm. v1 aG7 c870